[Event "Tirol Landesliga 2223"]
[Site "Austria"]
[Date "2022.10.02"]
[Round "2.4"]
[White "Kranewitter, Norbert"]
[Black "Embacher, Gregor"]
[Result "0-1"]
[WhiteElo "1977"]
[BlackElo "2152"]
[PlyCount "75"]
[EventDate "2022.10.01"]
[EventType "team-tourn"]
[EventRounds "9"]
[EventCountry "AUT"]
[SourceTitle "EXT 2024"]
[Source "ChessBase"]
[SourceDate "2023.10.10"]
[SourceVersion "1"]
[SourceVersionDate "2023.10.10"]
[SourceQuality "1"]
[WhiteTeam "Kufstein/Woergl"]
[BlackTeam "Absam"]
[WhiteTeamCountry "AUT"]
[BlackTeamCountry "AUT"]

1. e4 Nf6 2. e5 Nd5 3. d4 d6 4. c4 Nb6 5. exd6 exd6 6. Bd3 Nc6 7. Be3 Be7 8. Nc3 0-0 9. h3 d5 10. cxd5 Nb4 11. Nf3 Nxd3+ 12. Qxd3 Nxd5 13. 0-0 Be6 14. Rac1 c6 15. a3 Nxc3 16. Rxc3 Qd5 17. Ne5 Rad8 18. f4 f6 19. Nf3 Bf5 20. Qe2 Rfe8 21. Qf2 Bd6 22. g4 Be4 23. Nd2 f5 24. Nc4 Bc7 25. Ne5 Bb6 26. Kh2 Bxd4 27. Bxd4 Qxd4 28. Qh4 Rxe5 29. fxe5 Qxe5+ 30. Kg1 Rd2 31. Rf2 Rd1+ 32. Rf1 Qd4+ 33. Qf2 Qxf2+ 34. Kxf2 Rxf1+ 35. Kxf1 f4 36. h4 h6 37. h5 Kf7 38. Rc4 0-1

[Event "Tirol Landesliga 2223"]
[Site "Austria"]
[Date "2022.10.01"]
[Round "1.4"]
[White "Berchtold, Clemens"]
[Black "Kranewitter, Norbert"]
[Result "1/2-1/2"]
[WhiteElo "2032"]
[BlackElo "1977"]
[PlyCount "71"]
[EventDate "2022.10.01"]
[EventType "team-tourn"]
[EventRounds "9"]
[EventCountry "AUT"]
[SourceTitle "EXT 2024"]
[Source "ChessBase"]
[SourceDate "2023.10.10"]
[SourceVersion "1"]
[SourceVersionDate "2023.10.10"]
[SourceQuality "1"]
[WhiteTeam "Hall/Mils"]
[BlackTeam "Kufstein/Woergl"]
[WhiteTeamCountry "AUT"]
[BlackTeamCountry "AUT"]

1. Nf3 d5 2. c4 e6 3. d4 Nf6 4. Nc3 Be7 5. Bg5 0-0 6. e3 b6 7. Rc1 Bb7 8. cxd5 Nxd5 9. Bxe7 Qxe7 10. Bd3 Rc8 11. 0-0 Nd7 12. Nxd5 Bxd5 13. Ba6 Rd8 14. Rxc7 Qd6 15. Rc3 Qb4 16. Qb1 b5 17. e4 Bc4 18. Rfc1 Qa5 19. b3 Bxb3 20. Rxb3 Qxa6 21. Rxb5 Nf6 22. Rb3 Rac8 23. Rxc8 Rxc8 24. Rb8 h6 25. h3 Rxb8 26. Qxb8+ Kh7 27. Qb1 g6 28. Qc2 Kg7 29. Ne5 Qb6 30. Nc6 a6 31. f3 e5 32. Qc4 exd4 33. Nxd4 Nd7 34. Qd5 Nf6 35. Qc4 Nd7 36. Qd5 1/2-1/2

[Event "AUT-chT2W 2122"]
[Site "Austria"]
[Date "2022.06.05"]
[Round "8.5"]
[White "Kranewitter, Norbert"]
[Black "Lerch, Johannes"]
[Result "1/2-1/2"]
[WhiteElo "1979"]
[BlackElo "2153"]
[PlyCount "131"]
[EventDate "2021.10.15"]
[EventType "team-tourn"]
[EventRounds "11"]
[EventCountry "AUT"]
[SourceTitle "EXT 2023"]
[Source "ChessBase"]
[SourceDate "2022.10.05"]
[SourceVersion "1"]
[SourceVersionDate "2022.10.05"]
[SourceQuality "1"]
[WhiteTeam "Kufstein/Woergl"]
[BlackTeam "Jenbach II"]
[WhiteTeamCountry "AUT"]
[BlackTeamCountry "AUT"]

1. e4 e5 2. f4 d5 3. exd5 exf4 4. Nf3 Nf6 5. Nc3 Nxd5 6. Nxd5 Qxd5 7. d4 Bg4 8. Bxf4 Qe4+ 9. Qe2 Bxf3 10. gxf3 Qxe2+ 11. Bxe2 Bd6 12. Bxd6 cxd6 13. Bb5+ Ke7 14. 0-0-0 Kf6 15. Rhe1 a6 16. Bd3 Nc6 17. c3 Rac8 18. Kd2 Rhe8 19. Re4 g6 20. Rde1 Re7 21. a4 a5 22. Bb5 d5 23. Rxe7 Nxe7 24. Bd7 Rd8 25. Bh3 Nc6 26. f4 h6 27. Re3 g5 28. fxg5+ hxg5 29. Bg2 Kg6 30. Ke2 g4 31. h3 f5 32. hxg4 fxg4 33. Kf2 Kf5 34. Kg3 Kg5 35. Re2 Kf5 36. Rf2+ Ke6 37. Kxg4 Rc8 38. Bf1 Ne7 39. Bd3 Rh8 40. Kf3 Rh1 41. Ke3 Rh6 42. Rf8 Rh2 43. Rf2 Rh6 44. Be2 Kd6 45. b4 axb4 46. cxb4 Rh3+ 47. Rf3 Rh1 48. Rf6+ Kc7 49. a5 Nc6 50. Rf7+ Kb8 51. b5 Nxa5 52. Rd7 Nc4+ 53. Bxc4 dxc4 54. b6 Kc8 55. Rc7+ Kd8 56. Rxb7 Rb1 57. Rc7 Rxb6 58. Rxc4 Rh6 59. d5 Kd7 60. Rf4 Rg6 61. Kd4 Rh6 62. Kc5 Ra6 63. Rf7+ Kd8 64. Rg7 Rh6 65. d6 Rh1 66. Kd5 1/2-1/2

[Event "AUT-chT2W 2122"]
[Site "Austria"]
[Date "2022.03.13"]
[Round "11.1"]
[White "Lins, Philipp"]
[Black "Kranewitter, Norbert"]
[Result "1/2-1/2"]
[WhiteElo "2161"]
[BlackElo "1979"]
[PlyCount "62"]
[EventDate "2021.10.15"]
[EventType "team-tourn"]
[EventRounds "11"]
[EventCountry "AUT"]
[SourceTitle "EXT 2023"]
[Source "ChessBase"]
[SourceDate "2022.10.05"]
[SourceVersion "1"]
[SourceVersionDate "2022.10.05"]
[SourceQuality "1"]
[WhiteTeam "Hohenems II"]
[BlackTeam "Kufstein/Woergl"]
[WhiteTeamCountry "AUT"]
[BlackTeamCountry "AUT"]

1. d4 d5 2. c4 e6 3. Nf3 Nf6 4. g3 c6 5. Bg2 Be7 6. 0-0 b6 7. Nc3 0-0 8. Ne5 Ba6 9. Qa4 Qe8 10. cxd5 cxd5 11. Qb3 Nc6 12. Nxc6 Qxc6 13. Re1 Bc4 14. Qc2 Rac8 15. Bd2 Rfd8 16. Rac1 Qd7 17. Qb1 Ba6 18. Bf3 Bb7 19. h4 b5 20. a3 Rc4 21. e3 b4 22. axb4 Bxb4 23. Be2 Rc7 24. Qd3 Rdc8 25. Na2 Rxc1 26. Rxc1 Rxc1+ 27. Nxc1 Bd6 28. Nb3 Ne4 29. Be1 g6 30. Na5 Bc8 31. Kg2 Qc7 1/2-1/2

[Event "AUT-chT2W 2122"]
[Site "Austria"]
[Date "2021.10.17"]
[Round "3.5"]
[White "Kranewitter, Norbert"]
[Black "Ljubic, Juro"]
[Result "0-1"]
[WhiteElo "1979"]
[BlackElo "2179"]
[PlyCount "122"]
[EventDate "2021.10.15"]
[EventType "team-tourn"]
[EventRounds "11"]
[EventCountry "AUT"]
[SourceTitle "CBM 204 Extra"]
[Source "ChessBase"]
[SourceDate "2021.11.30"]
[SourceVersion "1"]
[SourceVersionDate "2021.11.30"]
[SourceQuality "1"]
[WhiteTeam "Kufstein/Woergl"]
[BlackTeam "Schwarzach"]
[WhiteTeamCountry "AUT"]
[BlackTeamCountry "AUT"]

1. e4 c5 2. Nc3 a6 3. f4 b5 4. Nf3 Bb7 5. d3 e6 6. g3 d5 7. exd5 exd5 8. Qe2+ Be7 9. Bg2 Nf6 10. 0-0 0-0 11. Ne5 Nc6 12. g4 b4 13. Na4 Ne8 14. b3 Nxe5 15. fxe5 Nc7 16. a3 a5 17. Bb2 Ne6 18. axb4 axb4 19. Rf5 Qc7 20. Raf1 Bg5 21. Qf2 d4 22. Kh1 g6 23. Bxb7 Qxb7+ 24. Rf3 Be3 25. Qg2 Rae8 26. h4 Qc7 27. Qg3 Ng7 28. Rxe3 dxe3 29. Qxe3 f6 30. Qxc5 Qxc5 31. Nxc5 fxe5 32. Rxf8+ Rxf8 33. Bxe5 Rf2 34. c3 bxc3 35. Bxc3 Rc2 36. Bd4 Kf7 37. b4 Ne6 38. Be3 Re2 39. Bg1 Nf4 40. b5 Rb2 41. Ne4 Nxd3 42. b6 h6 43. h5 g5 44. Ng3 Ne5 45. Bd4 Rb1+ 46. Kg2 Nxg4 47. Kf3 Nf6 48. Nf5 Rb3+ 49. Ke2 Nxh5 50. Nxh6+ Ke6 51. Be3 Nf4+ 52. Kd2 Kd5 53. Ng4 Ke4 54. Nf6+ Kf5 55. Ne8 Ke5 56. Bc5 Nd5 57. Nd6 Nxb6 58. Kc2 Rf3 59. Bxb6 Kxd6 60. Kd2 g4 61. Ke2 Ke5 0-1

[Event "AUT-chT2W 2021"]
[Site "Austria"]
[Date "2020.10.09"]
[Round "1.6"]
[White "Kranewitter, Norbert"]
[Black "Cardaklija, Mirsad"]
[Result "1-0"]
[WhiteElo "1984"]
[BlackElo "2027"]
[PlyCount "61"]
[EventDate "2020.10.09"]
[EventType "team-tourn"]
[EventRounds "11"]
[EventCountry "AUT"]
[SourceTitle "CBM 199 Extra"]
[Source "ChessBase"]
[SourceDate "2021.01.31"]
[SourceVersion "1"]
[SourceVersionDate "2021.01.31"]
[SourceQuality "1"]
[WhiteTeam "Kufstein/Woergl"]
[BlackTeam "Schwarzach"]
[WhiteTeamCountry "AUT"]
[BlackTeamCountry "AUT"]

1. e4 c5 2. Nc3 e6 3. f4 a6 4. Nf3 b5 5. d3 d5 6. Qe2 d4 7. Nd1 Bd6 8. g3 Ne7 9. Bg2 Nbc6 10. 0-0 0-0 11. e5 Bc7 12. Ng5 Nd5 13. Be4 g6 14. h4 h5 15. g4 hxg4 16. Qxg4 f5 17. exf6 Nxf6 18. Qg2 Nxe4 19. dxe4 Ne7 20. h5 Qe8 21. Rf3 Kg7 22. Nf2 Rh8 23. hxg6 Rh6 24. Ng4 Rh4 25. Bd2 Qh8 26. Raf1 Kxg6 27. Ne5+ Kf6 28. Ngf7 Qh5 29. Be1 Bb7 30. Bxh4+ Qxh4 31. Rh3 1-0

[Event "AUT-chT2W 1819"]
[Site "Austria"]
[Date "2018.10.14"]
[Round "3.6"]
[White "Spiesberger, Gerhard"]
[Black "Kranewitter, Norbert"]
[Result "1/2-1/2"]
[WhiteElo "2076"]
[BlackElo "2008"]
[PlyCount "81"]
[EventDate "2018.10.12"]
[EventType "team-tourn"]
[EventRounds "11"]
[EventCountry "AUT"]
[SourceTitle "CBM 186 Extra"]
[Source "ChessBase"]
[SourceDate "2018.08.24"]
[SourceVersion "1"]
[SourceVersionDate "2018.08.24"]
[SourceQuality "1"]
[WhiteTeam "Ranshofen"]
[BlackTeam "Kufstein/Woergl"]
[WhiteTeamCountry "AUT"]
[BlackTeamCountry "AUT"]

1. e4 c5 2. Nc3 Nc6 3. g3 g6 4. Bg2 Bg7 5. d3 d6 6. Be3 Nd4 7. Nge2 e6 8. 0-0 Ne7 9. Qd2 0-0 10. Nd1 Nxe2+ 11. Qxe2 Rb8 12. Qd2 b6 13. Bh6 Bb7 14. Bxg7 Kxg7 15. f4 f5 16. Qc3+ Kg8 17. Nf2 h6 18. Rae1 Qd7 19. Re2 Kh7 20. Rfe1 Rbe8 21. exf5 exf5 22. Bxb7 Qxb7 23. Re6 Qd7 24. Qd2 Nc6 25. Qe3 Rxe6 26. Qxe6 Rf7 27. Qxd7 Rxd7 28. c3 Re7 29. Kf1 Kg7 30. Nd1 Rxe1+ 31. Kxe1 Kf6 32. Ke2 d5 33. Ne3 Ke6 34. Ng2 b5 35. Ne1 d4 36. Nf3 Kd5 37. Nh4 Ne7 38. Nf3 Nc6 39. Kd2 a5 40. Nh4 Ne7 41. Nf3 1/2-1/2

[Event "Innsbruck op-A 1st"]
[Site "Innsbruck"]
[Date "2017.08.25"]
[Round "1"]
[White "Platzgummer, Fabian"]
[Black "Kranewitter, Norbert"]
[Result "1-0"]
[WhiteElo "2343"]
[BlackElo "1982"]
[PlyCount "99"]
[EventDate "2017.08.25"]
[EventType "swiss"]
[EventRounds "9"]
[EventCountry "AUT"]
[SourceTitle "CBM 180 Extra"]
[Source "ChessBase"]
[SourceDate "2017.10.06"]
[SourceVersion "1"]
[SourceVersionDate "2017.10.06"]
[SourceQuality "1"]

1. Nf3 Nf6 2. g3 e6 3. Bg2 c5 4. c4 Nc6 5. 0-0 Be7 6. Nc3 0-0 7. d4 cxd4 8. Nxd4 a6 9. b3 Qc7 10. Bb2 d6 11. Rc1 Nxd4 12. Qxd4 e5 13. Qd2 Be6 14. Rfd1 Rfd8 15. h3 Qd7 16. Na4 Bxh3 17. Nb6 Qf5 18. Nxa8 Bxg2 19. Kxg2 Ne4 20. Qe3 Rxa8 21. Qf3 Qg6 22. Rh1 Rf8 23. Qh5 f5 24. Qxg6 hxg6 25. Rhd1 Kf7 26. f3 Nf6 27. c5 Ke6 28. cxd6 Bd8 29. Rc5 Nd7 30. Rcd5 Bb6 31. R5d3 Rc8 32. Rc1 Rxc1 33. Bxc1 Bc5 34. Rc3 Kxd6 35. Bb2 b5 36. Rd3+ Ke6 37. f4 e4 38. Rd2 Nf6 39. Bxf6 gxf6 40. Rd8 a5 41. Ra8 Bb4 42. Rb8 Kd5 43. Rxb5+ Kd4 44. a3 Bd2 45. b4 axb4 46. axb4 g5 47. fxg5 fxg5 48. Rxf5 g4 49. b5 Ke3 50. b6 1-0

[Event "Oberbayern Bezirksliga 1617"]
[Site "Germany"]
[Date "2017.04.02"]
[Round "8.6"]
[White "Kranewitter, Norbert"]
[Black "Wiesmeier, Franz"]
[Result "1-0"]
[WhiteElo "1977"]
[BlackElo "1853"]
[PlyCount "73"]
[EventDate "2016.10.16"]
[EventType "team-tourn"]
[EventRounds "9"]
[EventCountry "GER"]
[SourceTitle "EXT 2019"]
[Source "ChessBase"]
[SourceDate "2018.10.10"]
[SourceVersion "1"]
[SourceVersionDate "2018.10.10"]
[SourceQuality "1"]
[WhiteTeam "Pang/Rosenheim"]
[BlackTeam "Moosburg SC"]
[WhiteTeamCountry "GER"]
[BlackTeamCountry "GER"]

1. e4 Nf6 2. e5 Nd5 3. d4 d6 4. c4 Nb6 5. exd6 cxd6 6. d5 e5 7. Nf3 Bg4 8. Be2 N8d7 9. b3 Be7 10. Bb2 0-0 11. 0-0 f5 12. Ne1 Bxe2 13. Qxe2 Rc8 14. Nc3 Qe8 15. f4 e4 16. g4 Bf6 17. gxf5 Bd4+ 18. Kh1 a6 19. Qg4 Nf6 20. Qg5 Nbxd5 21. Nxd5 Bxb2 22. Rd1 Nxd5 23. Rxd5 Rf6 24. Rg1 Qf7 25. Nc2 Rc5 26. Ne3 Kh8 27. Rgd1 Rxd5 28. Rxd5 Qe8 29. Qg2 Bc1 30. Qe2 g6 31. fxg6 hxg6 32. f5 Bxe3 33. Qxe3 Kg7 34. fxg6 Rf3 35. Qd4+ Kh6 36. Rxd6 e3 37. Qh4+ 1-0

[Event "AUT-chT2W 1617"]
[Site "Austria"]
[Date "2017.03.03"]
[Round "9.6"]
[White "Kranewitter, Norbert"]
[Black "Niedermair, Hannes"]
[Result "1/2-1/2"]
[WhiteElo "2006"]
[BlackElo "1950"]
[PlyCount "76"]
[EventDate "2016.10.28"]
[EventType "team-tourn"]
[EventRounds "11"]
[EventCountry "AUT"]
[SourceTitle "CBM 177 Extra"]
[Source "ChessBase"]
[SourceDate "2017.04.27"]
[SourceVersion "1"]
[SourceVersionDate "2017.04.27"]
[SourceQuality "1"]
[WhiteTeam "Kufstein/Woergl"]
[BlackTeam "Pradl"]
[WhiteTeamCountry "AUT"]
[BlackTeamCountry "AUT"]

1. e4 Nf6 2. e5 Nd5 3. d4 d6 4. Nf3 Bg4 5. Be2 Nc6 6. e6 Bxf3 7. exf7+ Kxf7 8. Bxf3 Nf6 9. c3 d5 10. 0-0 e6 11. Re1 Bd6 12. Bg5 Rf8 13. Qd3 g6 14. Nd2 Qd7 15. Re3 Kg8 16. Rae1 Rae8 17. Kh1 Nd8 18. Qe2 c6 19. Nb3 b5 20. Nc1 Qg7 21. Nd3 h6 22. Bxf6 Qxf6 23. Ne5 Re7 24. Kg1 Rfe8 25. Bg4 Kg7 26. g3 Kh7 27. h4 Bxe5 28. Rxe5 a6 29. h5 g5 30. Re3 Kh8 31. Rf3 Qg7 32. Bh3 g4 33. Bxg4 e5 34. dxe5 Rxe5 35. Re3 Rxe3 36. fxe3 Rg8 37. Bh3 Qxg3+ 38. Qg2 Qxg2+ 1/2-1/2

[Event "AUT-chT2W 1617"]
[Site "Austria"]
[Date "2016.11.27"]
[Round "6.6"]
[White "Kranewitter, Norbert"]
[Black "Jedinger, Andreas"]
[Result "1/2-1/2"]
[WhiteElo "2006"]
[BlackElo "2120"]
[PlyCount "106"]
[EventDate "2016.10.28"]
[EventType "team-tourn"]
[EventRounds "11"]
[EventCountry "AUT"]
[SourceTitle "CBM 177 Extra"]
[Source "ChessBase"]
[SourceDate "2017.04.27"]
[SourceVersion "1"]
[SourceVersionDate "2017.04.27"]
[SourceQuality "1"]
[WhiteTeam "Kufstein/Woergl"]
[BlackTeam "Rochade Rum"]
[WhiteTeamCountry "AUT"]
[BlackTeamCountry "AUT"]

1. e4 e5 2. Nf3 Nc6 3. Bb5 g6 4. d3 Bg7 5. c3 Nge7 6. 0-0 0-0 7. Re1 d6 8. h3 a6 9. Ba4 h6 10. Nbd2 Kh7 11. Nf1 f5 12. Bc2 f4 13. d4 Qe8 14. d5 Nd8 15. c4 Nf7 16. N3h2 h5 17. b4 Nh6 18. f3 Rg8 19. a4 g5 20. Ra3 Bf8 21. Rc3 Rg7 22. c5 Neg8 23. Ba3 Nf6 24. Qd3 Qg6 25. Rd1 g4 26. fxg4 hxg4 27. hxg4 Nhxg4 28. Rd2 Kg8 29. b5 axb5 30. axb5 Rh7 31. Bd1 Nxh2 32. Nxh2 Qxe4 33. b6 Qe1+ 34. Nf1 Ne4 35. Bc2 Bf5 36. Bb4 Ng3 37. Qxg3+ fxg3 38. Rxg3+ Rg7 39. Rxg7+ Kxg7 40. Bxf5 dxc5 41. bxc7 cxb4 42. d6 Ra1 43. Rf2 Rc1 44. d7 Bc5 45. d8Q Qxf2+ 46. Kh2 Qf4+ 47. Ng3 Bg1+ 48. Kh3 Qh6+ 49. Kg4 Rc4+ 50. Be4 Qf4+ 51. Kh3 Qh6+ 52. Kg4 Qf4+ 53. Kh3 Qh6+ 1/2-1/2

[Event "AUT-chT2W 1516"]
[Site "Austria"]
[Date "2015.11.28"]
[Round "4.6"]
[White "Kranewitter, Norbert"]
[Black "Babinetz, Rainer"]
[Result "0-1"]
[WhiteElo "2049"]
[BlackElo "2019"]
[PlyCount "94"]
[EventDate "2015.10.16"]
[EventType "team-tourn"]
[EventRounds "11"]
[EventCountry "AUT"]
[SourceTitle "EXT 2017"]
[Source "ChessBase"]
[SourceDate "2016.10.25"]
[SourceVersion "1"]
[SourceVersionDate "2016.10.25"]
[SourceQuality "1"]
[WhiteTeam "Kufstein/Woergl"]
[BlackTeam "Rochade Rum"]
[WhiteTeamCountry "AUT"]
[BlackTeamCountry "AUT"]

1. e4 d5 2. exd5 Qxd5 3. Nc3 Qd6 4. d4 Nf6 5. Bc4 a6 6. Nf3 b5 7. Bb3 Bb7 8. Ne5 e6 9. Bf4 Qb6 10. 0-0 Bd6 11. Re1 Nbd7 12. Be3 Bxe5 13. dxe5 Qc6 14. f3 Ng4 15. Qe2 Ngxe5 16. Bd4 Ng6 17. Bd5 Nf4 18. Bxc6 Nxe2+ 19. Nxe2 Bxc6 20. Nf4 Nf6 21. Rad1 0-0-0 22. Kf2 Rhg8 23. Bc3 Rd7 24. Ke2 Rxd1 25. Rxd1 e5 26. Nh3 g5 27. g4 Nd5 28. Bd2 f6 29. Nf2 h5 30. h3 Re8 31. Ne4 Nf4+ 32. Bxf4 exf4 33. gxh5 f5 34. Rg1 fxe4 35. fxe4 Rxe4+ 36. Kd2 Re5 37. h6 Be4 38. Re1 Rd5+ 39. Kc3 Bh7 40. Re7 Rd7 41. Re5 f3 42. Re8+ Rd8 43. Rxd8+ Kxd8 44. Kd2 Ke7 45. c3 Kf6 46. Ke3 Be4 47. b3 Kg6 0-1

[Event "AUT-chT2W 1516"]
[Site "Austria"]
[Date "2015.10.18"]
[Round "3.6"]
[White "Kranewitter, Norbert"]
[Black "Ljubic, Franjo Jr"]
[Result "1-0"]
[WhiteElo "2049"]
[BlackElo "1863"]
[PlyCount "83"]
[EventDate "2015.10.16"]
[EventType "team-tourn"]
[EventRounds "11"]
[EventCountry "AUT"]
[SourceTitle "CBM 168 Extra"]
[Source "ChessBase"]
[SourceDate "2015.10.29"]
[SourceVersion "1"]
[SourceVersionDate "2015.10.29"]
[SourceQuality "1"]
[WhiteTeam "Kufstein/Woergl"]
[BlackTeam "Schwarzach"]
[WhiteTeamCountry "AUT"]
[BlackTeamCountry "AUT"]

1. e4 g6 2. Nc3 Bg7 3. f4 d6 4. Nf3 Nf6 5. Bc4 0-0 6. d3 c6 7. 0-0 d5 8. Bb3 a5 9. e5 Nfd7 10. d4 b5 11. a4 b4 12. Ne2 Ba6 13. Kh1 e6 14. g4 c5 15. c3 c4 16. Bc2 b3 17. Bb1 f5 18. exf6 Nxf6 19. h3 Nc6 20. Ng5 Bc8 21. Ng3 Qd6 22. Kg2 Ne7 23. Nf3 Nd7 24. h4 Bh6 25. g5 Bg7 26. h5 Nf5 27. Bxf5 exf5 28. Rh1 Kf7 29. Nh4 Rh8 30. Qf3 Nb6 31. Re1 Bd7 32. Bd2 Nxa4 33. Rxa4 Bxa4 34. Ngxf5 gxf5 35. Nxf5 Qd7 36. Re7+ Qxe7 37. Nxe7 Kxe7 38. Qxd5 Rhc8 39. Qe4+ Kf8 40. Qxh7 Bc6+ 41. Kg3 Re8 42. h6 1-0

[Event "AUT-chT2W 1415"]
[Site "Austria"]
[Date "2014.10.12"]
[Round "3.2"]
[White "Kranewitter, Norbert"]
[Black "Hoellrigl, Wilfried"]
[Result "1-0"]
[WhiteElo "2026"]
[BlackElo "2167"]
[PlyCount "71"]
[EventDate "2014.10.10"]
[EventType "team-tourn"]
[EventRounds "11"]
[EventCountry "AUT"]
[SourceTitle "EXT 2015"]
[Source "ChessBase"]
[SourceDate "2014.11.20"]
[SourceVersion "1"]
[SourceVersionDate "2014.11.20"]
[SourceQuality "1"]
[WhiteTeam "Kufstein/Woergl"]
[BlackTeam "Rum Rochade"]
[WhiteTeamCountry "AUT"]
[BlackTeamCountry "AUT"]

1. e4 c5 2. Nc3 Nc6 3. f4 g6 4. Nf3 Bg7 5. Bb5 Nd4 6. 0-0 a6 7. Bd3 d6 8. Nxd4 cxd4 9. Ne2 Nf6 10. Kh1 Qb6 11. Qe1 Bd7 12. a4 Bc6 13. Ng1 0-0-0 14. c3 e5 15. b4 a5 16. b5 Bd7 17. Bb2 Rhe8 18. fxe5 dxe5 19. c4 Kb8 20. Rc1 Qc5 21. Rc2 Be6 22. Qa1 Qb4 23. Ba3 Qb3 24. Rf3 Ng4 25. Nh3 Ka8 26. Rb2 Qxa4 27. c5 Bb3 28. b6 f5 29. Bf1 d3 30. Bxd3 fxe4 31. Bxe4 Bd5 32. Bc2 Qc6 33. Bb4 Qb5 34. Ra3 Bxg2+ 35. Kg1 Qa6 36. Rxa5 1-0

[Event "AUT-chT2W 1415"]
[Site "Austria"]
[Date "2014.10.11"]
[Round "2.2"]
[White "Kondrak, Christof"]
[Black "Kranewitter, Norbert"]
[Result "1/2-1/2"]
[WhiteElo "2159"]
[BlackElo "2026"]
[PlyCount "70"]
[EventDate "2014.10.10"]
[EventType "team-tourn"]
[EventRounds "11"]
[EventCountry "AUT"]
[SourceTitle "EXT 2015"]
[Source "ChessBase"]
[SourceDate "2014.11.20"]
[SourceVersion "1"]
[SourceVersionDate "2014.11.20"]
[SourceQuality "1"]
[WhiteTeam "Schwaz"]
[BlackTeam "Kufstein/Woergl"]
[WhiteTeamCountry "AUT"]
[BlackTeamCountry "AUT"]

1. d4 d5 2. c4 c6 3. Nf3 Nf6 4. Nc3 dxc4 5. a4 Bf5 6. e3 e6 7. Bxc4 Bb4 8. 0-0 0-0 9. Qb3 Qe7 10. Bd2 Nbd7 11. Rfe1 Nb6 12. Bf1 Rfd8 13. a5 Nbd7 14. Ra4 Bxc3 15. bxc3 Nf8 16. Rb4 Rab8 17. Ba6 Rd7 18. Ne5 Rc7 19. Bd3 Bxd3 20. Nxd3 Ne4 21. Bc1 c5 22. Ra4 b5 23. dxc5 Nxc5 24. Nxc5 Qxc5 25. Bb2 Rd8 26. Raa1 Rcd7 27. Ba3 Qf5 28. Rad1 Rd2 29. Rxd2 Rxd2 30. Rf1 h5 31. Qb4 Rd8 32. e4 Qe5 33. Qe7 Qb8 34. Bc5 a6 35. Qg5 Nd7 1/2-1/2

[Event "AUT-chT2W 1213"]
[Site "Austria"]
[Date "2013.03.09"]
[Round "10.6"]
[White "Mira, Helene"]
[Black "Kranewitter, Norbert"]
[Result "1/2-1/2"]
[WhiteElo "2084"]
[BlackElo "2074"]
[PlyCount "46"]
[EventDate "2012.10.05"]
[EventType "team-tourn"]
[EventRounds "11"]
[EventCountry "AUT"]
[SourceTitle "EXT 2014"]
[Source "ChessBase"]
[SourceDate "2013.11.20"]
[SourceVersion "1"]
[SourceVersionDate "2013.11.20"]
[SourceQuality "1"]
[WhiteTeam "Bregenz"]
[BlackTeam "Kufstein/Woergl"]
[WhiteTeamCountry "AUT"]
[BlackTeamCountry "AUT"]

1. d4 d5 2. c4 c6 3. Nf3 Nf6 4. Nc3 dxc4 5. a4 Bf5 6. e3 e6 7. Bxc4 Bb4 8. 0-0 0-0 9. Qe2 Bg4 10. h3 Bh5 11. Rd1 Qa5 12. Bd2 Nbd7 13. Nb1 Rfe8 14. Bxb4 Qxb4 15. Nbd2 e5 16. dxe5 Nxe5 17. b3 Rad8 18. g4 Nxc4 19. Qxc4 Qxc4 20. Nxc4 Bg6 21. Nd6 Bc2 22. Rdc1 Rxd6 23. Rxc2 g6 1/2-1/2

[Event "AUT-chT2W 1213"]
[Site "Austria"]
[Date "2013.01.13"]
[Round "8.5"]
[White "Peterwagner, Heinz"]
[Black "Kranewitter, Norbert"]
[Result "1/2-1/2"]
[WhiteElo "2129"]
[BlackElo "2074"]
[PlyCount "59"]
[EventDate "2012.10.05"]
[EventType "team-tourn"]
[EventRounds "11"]
[EventCountry "AUT"]
[SourceTitle "EXT 2014"]
[Source "ChessBase"]
[SourceDate "2013.11.20"]
[SourceVersion "1"]
[SourceVersionDate "2013.11.20"]
[SourceQuality "1"]
[WhiteTeam "Mozart"]
[BlackTeam "Kufstein/Woergl"]
[WhiteTeamCountry "AUT"]
[BlackTeamCountry "AUT"]

1. e4 c6 2. d4 d5 3. Nc3 dxe4 4. Nxe4 Bf5 5. Ng3 Bg6 6. Nf3 Nd7 7. h4 h6 8. h5 Bh7 9. Bd3 Bxd3 10. Qxd3 e6 11. Bd2 Ngf6 12. Qe2 Be7 13. 0-0-0 0-0 14. Ne5 Rc8 15. Kb1 c5 16. dxc5 Nxe5 17. Qxe5 Rxc5 18. Qe2 Rd5 19. c4 Rd7 20. Bc3 Qc7 21. Rxd7 Qxd7 22. Ne4 Nxe4 23. Qxe4 Rd8 24. Re1 Bf8 25. Rc1 Bc5 26. f3 Qc7 27. g4 Qb6 28. Bd2 Bb4 29. Bxb4 Qxb4 30. Qe2 1/2-1/2

[Event "Graz op-A 19th"]
[Site "Graz"]
[Date "2012.08.29"]
[Round "5"]
[White "Kranewitter, Norbert"]
[Black "Nikic, Saso"]
[Result "0-1"]
[WhiteElo "2074"]
[BlackElo "1691"]
[PlyCount "62"]
[EventDate "2012.08.25"]
[EventType "swiss"]
[EventRounds "9"]
[EventCountry "AUT"]
[SourceTitle "CBM 150 Extra"]
[Source "ChessBase"]
[SourceDate "2012.10.19"]
[SourceVersion "1"]
[SourceVersionDate "2012.10.19"]
[SourceQuality "1"]

1. Nf3 Nf6 2. d4 g6 3. c4 Bg7 4. Nc3 0-0 5. e4 d6 6. Be2 e5 7. 0-0 Nc6 8. d5 Ne7 9. b4 Ne8 10. c5 h6 11. a4 f5 12. Ba3 g5 13. Nd2 Ng6 14. exf5 Bxf5 15. Bg4 Bxg4 16. Qxg4 Nf4 17. Nde4 Nf6 18. Nxf6+ Qxf6 19. cxd6 cxd6 20. b5 h5 21. Qd1 Qf5 22. Bxd6 Rfd8 23. Bc7 Rd7 24. d6 e4 25. Qb3+ Kh8 26. Rae1 Qg4 27. g3 Nh3+ 28. Kg2 Qf3+ 29. Kxh3 g4+ 30. Kh4 Qf6+ 31. Kxh5 Qf5+ 0-1

[Event "Vienna Husek op-A"]
[Site "Vienna"]
[Date "2012.08.16"]
[Round "4"]
[White "Kranewitter, Norbert"]
[Black "Somasundram, Jayakumar"]
[Result "1-0"]
[WhiteElo "2074"]
[BlackElo "1933"]
[PlyCount "87"]
[EventDate "2012.08.13"]
[EventType "swiss"]
[EventRounds "7"]
[EventCountry "AUT"]
[SourceTitle "EXT 2014"]
[Source "ChessBase"]
[SourceDate "2013.11.20"]
[SourceVersion "1"]
[SourceVersionDate "2013.11.20"]
[SourceQuality "1"]

1. Nf3 c5 2. c4 Nc6 3. Nc3 g6 4. d4 cxd4 5. Nxd4 Bg7 6. Nc2 Nf6 7. e4 b6 8. Be2 Bb7 9. 0-0 0-0 10. Rb1 Rc8 11. f3 Na5 12. Na3 Ne8 13. Bf4 Nc7 14. Qd2 Ne6 15. Be3 Nc6 16. Nc2 Ne5 17. b3 d6 18. Rfd1 f5 19. exf5 Rxf5 20. f4 Nd7 21. Bg4 Bxc3 22. Qxc3 Rf6 23. Nd4 Nec5 24. b4 Ne4 25. Qb3 d5 26. Ne6 Qe8 27. Rbc1 Rf7 28. cxd5 Rxc1 29. Rxc1 Qb8 30. Nd4 Nf8 31. Nc6 Qd6 32. Bf3 Nf6 33. Ne5 Rg7 34. Nc4 Qb8 35. d6 Bxf3 36. gxf3 e6 37. Bd4 Qd8 38. Be5 g5 39. f5 Kh8 40. Ne3 h5 41. fxe6 g4 42. f4 Ng6 43. e7 Nxe7 44. Bxf6 1-0